Corno magico (Il) di Domenico Ceccarossi (Lp Mcf 15006) (Record n. 100341)
[ formato base ]
| 000 -LEADER | |
|---|---|
| fixed length control field | 01510njm a2200349Ia 4500 |
| 001 - CONTROL NUMBER | |
| control field | 20420 |
| 003 - CONTROL NUMBER IDENTIFIER | |
| control field | IT-RoPAU |
| 005 - DATE AND TIME OF LATEST TRANSACTION | |
| control field | 20220918181128.0 |
| 008 - FIXED-LENGTH DATA ELEMENTS--GENERAL INFORMATION | |
| fixed length control field | 131025s9999 xx 000 0 und d |
| 040 ## - CATALOGING SOURCE | |
| Original cataloging agency | IT-RoPAU |
| 040 ## - CATALOGING SOURCE | |
| Transcribing agency | IT-RoPAU |
| 999 ## - SYSTEM CONTROL NUMBERS (KOHA) | |
| Koha Dewey Subclass [OBSOLETE] | n.d. |
| 100 ## - MAIN ENTRY--PERSONAL NAME | |
| Personal name | Ceccarossi Domenico |
| 9 (RLIN) | 1529 |
| 100 ## - MAIN ENTRY--PERSONAL NAME | |
| Relator term | Autore musica |
| 9 (RLIN) | 1530 |
| 100 ## - MAIN ENTRY--PERSONAL NAME | |
| Miscellaneous information | Codice autore musica SPICS: 1107 |
| 9 (RLIN) | 1531 |
| 245 ## - TITLE STATEMENT | |
| Title | Corno magico (Il) di Domenico Ceccarossi (Lp Mcf 15006) |
| 250 ## - EDITION STATEMENT | |
| Edition statement | 1a ed. |
| 260 ## - PUBLICATION, DISTRIBUTION, ETC. (IMPRINT) | |
| Place of publication, distribution, etc. | ITALIA |
| 260 ## - PUBLICATION, DISTRIBUTION, ETC. (IMPRINT) | |
| Name of publisher, distributor, etc. | PENTAPHON |
| Date of publication, distribution, etc. | 1977 [1a Ed.:1977] |
| 300 ## - PHYSICAL DESCRIPTION | |
| Extent | DISCO |
| 500 ## - GENERAL NOTE | |
| General note | Corno, pianoforte. Musica strumentale |
| 505 ## - FORMATTED CONTENTS NOTE | |
| Formatted contents note | Sonata (1939) - Castel del Monte (ballata - 1974) - Sonata (1954) di Armando Renzi - Dittico (1974) di Luciano Chailly |
| 511 ## - PARTICIPANT OR PERFORMER NOTE | |
| Participant or performer note | Renzi Armando: pianoforte - Ceccarossi Domenico: corno (Sonata - 1954) |
| 511 ## - PARTICIPANT OR PERFORMER NOTE | |
| Participant or performer note | Fumo Marco: pianoforte - Ceccarossi Domenico: corno (Castel del Monte) |
| 650 ## - SUBJECT ADDED ENTRY--TOPICAL TERM | |
| Topical term or geographic name as entry element | STRUMENTALE [DISCHI] |
| Relator term | Codice MATERIA SPICS: 9950 |
| 9 (RLIN) | 828 |
| 700 ## - ADDED ENTRY--PERSONAL NAME | |
| Personal name | Ceccarossi Domenico |
| Miscellaneous information | Codice Autore SPICS: 1107 |
| Relator term | Autore |
| 9 (RLIN) | 1532 |
| 700 ## - ADDED ENTRY--PERSONAL NAME | |
| Personal name | Hindemith Paul |
| Miscellaneous information | Codice autore musica SPICS: 10783 |
| Relator term | Autore musica |
| Name of part/section of a work | Sonata (1939) |
| 9 (RLIN) | 1533 |
| 700 ## - ADDED ENTRY--PERSONAL NAME | |
| Personal name | Rota Nino |
| Miscellaneous information | Codice autore musica SPICS: 11128 |
| Relator term | Autore musica |
| Name of part/section of a work | Castel del Monte |
| 9 (RLIN) | 1534 |
| 700 ## - ADDED ENTRY--PERSONAL NAME | |
| Personal name | Renzi Armando |
| Miscellaneous information | Codice autore musica SPICS: 13277 |
| Relator term | Autore musica |
| Name of part/section of a work | Sonata (1954) |
| 9 (RLIN) | 1535 |
| 700 ## - ADDED ENTRY--PERSONAL NAME | |
| Personal name | Chailly Luciano |
| Miscellaneous information | Codice autore musica SPICS: 8154 |
| Relator term | Autore musica |
| Name of part/section of a work | Dittico (1974) |
| 9 (RLIN) | 1536 |
| 942 ## - ADDED ENTRY ELEMENTS (KOHA) | |
| Koha item type | DISCHI |
| Source of classification or shelving scheme | Dewey Decimal Classification |
| Withdrawn status | Lost status | Damaged status | Not for loan | Home library | Current library | Date acquired | Total Checkouts | Full call number | Date last seen | Price effective from | Koha item type | Public note |
|---|---|---|---|---|---|---|---|---|---|---|---|---|
| Buone Condizioni | Not For Loan | SPICS-MEDIATECA | SPICS-MEDIATECA | 25/10/2013 | 20420 | 25/10/2013 | 25/10/2013 | DISCHI | Progr. Ins.: 3728 / N.Vol.: 1 / Copie: 1 - Copia rara: n.d. / date import: 01.01.2014 - By Epidotti, Trombetti, Vaglietti |